00524nam a2200193 a 4500001001300000003000900013005001700022008004100039020000900080082002100089100002400110245004800134260004200182300000900224500003500233505001000268650002800278700002400306nice12345678IN_TiNIC20260116011406.0050524s1966 dela grp 000 0 eng  ac2500a305.8095483bSHA aSharma, Brij Narain aSocial Life in Northern India A.D. 600-1000 aDelhibMunshiram Manoharlal Pubc1966 a390p aincludes index and biblioraphy2 aIndex aIndia-Social Conditions1 aSharma, Brij Narain